000 00290nam a2200121Ia 4500
008 190216s9999||||xx |||||||||||||| ||und||
100 _aChandu Menon O
245 0 _aIndulekhaye Kurich
260 _bPoorna Pubs Kozhikode
_c1995
300 _a323p
650 _aEssay Malayalam
942 _cBK
999 _c27252
_d27252